000 00624nam a2200193Ia 4500
008 140626s9999 xx 000 0 und d
100 _aHowie, William.
245 _aTo assist or not assist :
_bgood Samaritan considerations for nurse practitioners /
_cWilliam Howie ... [et al.].
260 _cc2012.
300 _a8 : 9, page 688
440 _aThe Journal for Nurse Practitioners (JNP)
521 _aNUR
650 _aCivil liability for rendering emergency care.
650 _aGood Samaritan laws.
650 _aGood Samaritan.
650 _aMedical emergency.
650 _aNurse practitioner.
942 _cSE
999 _c121439
_d121439